Southern States and Capitals - Statistics

General Stats
  • This quiz has been taken 271 times
  • The average score is 12 of 14
Answer Stats
State Capital City % Correct
Texas Austin
98%
Florida Tallahassee
95%
Georgia Atlanta
94%
Oklahoma Oklahoma City
94%
Arkansas Little Rock
93%
Tennessee Nashville
92%
Louisiana Baton Rouge
87%
Alabama Montgomery
86%
Virginia Richmond
85%
West Virginia Charleston
84%
North Carolina Raleigh
84%
Mississippi Jackson
83%
South Carolina Columbia
82%
Kentucky Frankfort
80%
No matching quizzes found
Score Distribution
Percent of People with Each Score
Percentile by Number Answered
Your Score History
You have not taken this quiz